| 000 | 00626nam a2200205 i 4500 | ||
|---|---|---|---|
| 001 | 179893 | ||
| 003 | ES-MaACL | ||
| 005 | 20230906220932.0 | ||
| 008 | 120221s1968 sp |||| |bspa d | ||
| 080 | _a929Luther, Martin | ||
| 100 | 1 |
_aAlarcón Benito, Juan. _919136 |
|
| 245 | 1 | 0 |
_aMartín Lutero _b: el monje rebelde / _cpor Juan Alarcón. |
| 260 |
_aMadrid : _bVassallo de Mumbert, _c1968. |
||
| 300 |
_a62 p., [8] p. de lám. : _bil. ; _c27 cm. |
||
| 490 | 1 | _aSiglo ilustrado | |
| 600 | 1 | 7 |
_aLuther, Martin. _974872 |
| 830 | 0 |
_aSiglo ilustrado _9176630 |
|
| 852 |
_aES-MaACL _j2292-F-11 |
||
| 999 |
_c179893 _d179893 |
||